Statistics for Famous Buildings by Picture A-Z

Click here to take the quiz!

General Stats

  • This quiz has been taken 1,364 times
  • The average score is 11 of 24

Answer Stats

Answer% Correct
Colosseum
98%
Empire State Building
94%
Taj Mahal
90%
Sydney Opera House
84%
Alcatraz
82%
Burj Khalifa
75%
Palace of {Versailles}
71%
Forbidden City
58%
Petronas Towers
53%
Westminster Abbey
53%
United Nations Headquarters
50%
Hagia Sophia
49%
Guggenheim Museum
44%
Dome of the Rock
42%
Kaaba
40%
Reichstag
35%
One World Trade Center
32%
Lotus Temple
30%
Mont St. Michel
26%
Neuschwanstein
26%
Queen's House
7%
Itsukushima Shrine
4%
Jagannath Temple
2%
Zifeng Tower
2%

Score Distribution

Percentile by Number Answered

Percent of People with Each Score

Your Score History

You have not taken this quiz